00163 a2200073 45000010005000001000017000052450049000222600018000711556 aHarrold, M.A aAircraft shet metal coustruction and repairs abF.J Wrakec